| 000 | 00459nam a2200217 454500 | ||
|---|---|---|---|
| 001 | 075021 | ||
| 003 | BD-ChCU | ||
| 008 | Eng | ||
| 020 | _ax | ||
| 040 |
_aDLC _cDLC _dBD-ChCU |
||
| 082 | 0 | 0 | _a157/KLL |
| 100 | 1 |
_aKlein, Melanie _bx |
|
| 245 | 1 | 0 |
_aLove, hate and reparation _bx |
| 250 | _ax | ||
| 260 |
_aN, Y. _bW.W. Norton _c1964 |
||
| 300 | _avii, 119p. | ||
| 504 | _a | ||
| 650 | 0 |
_aEmotions _bEmotions |
|
| 700 | 1 | _ax | |
| 942 |
_2ddc _cBK |
||
| 999 |
_c75021 _d75021 |
||